Профессиональный проект: идеи, технологии, результаты (Запись № 10922054)
[ простой вид ]
| 000 -МАРКЕР | |
|---|---|
| контрольное поле | 02135nas1a22003011i 4500 |
| 001 - ИДЕНТИФИКАТОР ЗАПИСИ | |
| контрольное поле | RU\NLR\Per\1188322 |
| 005 - ИДЕНТИФИКАТОР ВЕРСИИ | |
| контрольное поле | 20260408025717.0 |
| 011 ## - МЕЖДУНАРОДНЫЙ СТАНДАРТНЫЙ НОМЕР СЕРИАЛЬНОГО ИЗДАНИЯ (ISSN) | |
| Номер (ISSN) | 2221-254X |
| 035 ## - ДРУГИЕ СИСТЕМНЫЕ НОМЕРА | |
| Идентификатор записи | (NLR Aleph) 010990230 |
| 100 ## - ДАННЫЕ ОБЩЕЙ ОБРАБОТКИ | |
| Данные общей обработки | 20151229a20109999|||y0rusy50 ca |
| 101 0# - ЯЗЫК РЕСУРСА | |
| Язык текста, звукозаписи и т.д. | русский |
| 102 ## - СТРАНА ПУБЛИКАЦИИ ИЛИ ПРОИЗВОДСТВА | |
| Страна публикации | Российская Федерация |
| 110 ## - ПОЛЕ КОДИРОВАННЫХ ДАННЫХ: ПРОДОЛЖАЮЩИЕСЯ РЕСУРСЫ | |
| Кодированные данные продолжающегося ресурса | ah||||||||| |
| 200 1# - ЗАГЛАВИЕ И СВЕДЕНИЯ ОБ ОТВЕТСТВЕННОСТИ | |
| Основное заглавие | Профессиональный проект: идеи, технологии, результаты |
| Параллельное заглавие | Professional'nyj proekt: idei, tehnologii, rezul'taty |
| Сведения, относящиеся к заглавию | научный журнал |
| Первые сведения об ответственности | Автоном. некоммер. орг. Науч.-образоват. центр "Со-Действие", Автоном. некоммер. образоват. орг. доп. проф. образования "Урал. акад. комплекс. безопасности и стратег. исслед." |
| Язык параллельного заглавия | интерлингва |
| 210 ## - ПУБЛИКАЦИЯ, РАСПРОСТРАНЕНИЕ И ДР. | |
| Место издания, распространения и т.д. | Москва |
| Имя издателя, распространителя и т. д. | [б. и.] |
| Место издания, распространения и т.д. | Челябинск |
| Имя издателя, распространителя и т. д. | Фартекс |
| Дата издания, распространения и т.д. | 2015 - |
| 510 1# - ПАРАЛЛЕЛЬНОЕ ЗАГЛАВИЕ | |
| Параллельное заглавие | Professional'nyj proekt: idei, tehnologii, rezul'taty |
| Язык заглавия | интерлингва |
| 606 1# - НАИМЕНОВАНИЕ ТЕМЫ КАК ПРЕДМЕТ | |
| Наименование темы | Гуманитарные науки |
| Формальный подзаголовок | Периодические издания |
| Системный номер авторитетной/нормативной записи | 2175177 |
| Идентификатор авторитетной/нормативной записи | RU\NLR\AUTH\661308230 |
| 686 1# - ИНДЕКСЫ ДРУГИХ КЛАССИФИКАЦИЙ | |
| Индекс | Ч21я54 |
| 686 1# - ИНДЕКСЫ ДРУГИХ КЛАССИФИКАЦИЙ | |
| Индекс | С.я54 |
| 712 02 - НАИМЕНОВАНИЕ ОРГАНИЗАЦИИ - ВТОРИЧНАЯ ОТВЕТСТВЕННОСТЬ | |
| Код отношения | Прочие |
| Начальный элемент ввода | "Со-Действие", научно-образовательный центр |
| Идентифицирующий признак | Челябинск |
| Системный номер авторитетной/нормативной записи | 507825 |
| Идентификатор авторитетной/нормативной записи | RU\NLR\AUTH\880421451 |
| 712 02 - НАИМЕНОВАНИЕ ОРГАНИЗАЦИИ - ВТОРИЧНАЯ ОТВЕТСТВЕННОСТЬ | |
| Код отношения | Прочие |
| Начальный элемент ввода | "Профессиональный проект", общество с ограниченной ответственностью |
| Идентифицирующий признак | Москва |
| Идентификатор авторитетной/нормативной записи | RU\NLR\AUTH\8810186961 |
| Системный номер авторитетной/нормативной записи | 867859 |
| 852 ## - МЕСТОНАХОЖДЕНИЕ И ШИФР ХРАНЕНИЯ | |
| Идентификатор организации | NLR |
| Шифр хранения (Call Number) | П1/920 |
| 942 ## - ДОПОЛНИТЕЛЬНЫЕ ЭЛЕМЕНТЫ ЗАПИСИ (АБИС) | |
| Тип экземпляра АБИС | Журнал |
| 980 ## - КОЛЛЕКЦИЯ | |
| Название коллекции | Русская периодика |
Нет доступных экземпляров.